000 01092nam a2200325Ia 4500
001 Z_2409
003 CHAP
008 220113s1976 xx 000 0 und d
010 _a165465
040 _cCHAP
082 _a331.763 B3
100 _aBarbosa Ramírez, A. René
_910125
245 _aEmpleo, desempleo y subempleo en el sector agropecuario /
_cpor A. René Barbosa Ramírez
260 _aMéxico, D. F. :
_bSAG,
_c1976
300 _a3 v. : gráfs. ; tablas
440 _a
500 _aLa biblioteca tiene : v. 1 Dos estudios de caso : Subvalle de Toluca y Mixteca Baja -- v. 2 Los casos de los Distritos de Riego : Valsequillo y Costa de Hermosillo -- v. 3 Los Tuxtlas y los Huastecos Potosinos
503 _aDONACIÓN
650 _aAgricultura
_xTrabajadores
_xMéxico (Edo.)
_91868
650 _aAgricultura
_xTrabajadores
_xOaxaca
_91870
650 _aDesempleo
_932123
650 _aEmpleo
_xMéxico (Edo.)
_936568
650 _aEmpleo
_xOaxaca
_936572
901 _a331.763 B3
902 _aA
910 _a1976
942 _c1
942 _cc1
999 _c165465
_d165465